Podpora exportu jako jeden z hlavních úkolů hospodářské strategie.
Tempá rastu exportu sú - hlavne v malých a stredných ekonomikách - stimulátorom ekonomického rastu. Rozvoj zahraničného obchodu je významnou zložkou hospodárskej politiky. Vyššie zapojenie do medzinárodnej deľby práce nevyhnutnosťou aj v ČSFR. Vývoj zahraničného obchodu v ČSFR možno hodnotiť ako úsp...
Salvato in:
| Autore principale: | |
|---|---|
| Natura: | Capitolo di libro |
| Lingua: | ceco |
| Soggetti: | |
| Tags: |
Nessun Tag, puoi essere il primo ad aggiungerne!!
|
MARC
| LEADER | 00000naa a2200000 4500 | ||
|---|---|---|---|
| 001 | r009838 | ||
| 005 | 20220831090532.6 | ||
| 041 | 0 | |a cze | |
| 044 | |a [CS] | ||
| 245 | 1 | 0 | |a Podpora exportu jako jeden z hlavních úkolů hospodářské strategie. |c Ivana Dostálová |
| 520 | |a Tempá rastu exportu sú - hlavne v malých a stredných ekonomikách - stimulátorom ekonomického rastu. Rozvoj zahraničného obchodu je významnou zložkou hospodárskej politiky. Vyššie zapojenie do medzinárodnej deľby práce nevyhnutnosťou aj v ČSFR. Vývoj zahraničného obchodu v ČSFR možno hodnotiť ako úspešnú oblasť transformácie spôsobenú aj teritoriálnou reorientáciou. Nevyhnutnosť prehlbovania proexportného zamerania zahraničnoobchodnej politiky. | ||
| 610 | 2 | 0 | |a tempo rastu hospodárskeho |
| 610 | 2 | 0 | |a vývoz |
| 610 | 2 | 0 | |a rast hospodársky |
| 610 | 2 | 0 | |a obchod zahraničný |
| 610 | 2 | 0 | |a politika hospodárska |
| 610 | 2 | 0 | |a deľba práce medzinárodná |
| 610 | 2 | 0 | |a ČSFR |
| 610 | 2 | 0 | |a údaje štatistické |
| 610 | 2 | 0 | |a transformácia |
| 610 | 2 | 0 | |a programy vládne |
| 100 | 1 | |a Dostálová, Ivana | |